Normal view
MARC view
- Hegedus, Steven.
Entry Personal Name
001 - CONTROL NUMBER
- control field: 3490
003 - CONTROL NUMBER IDENTIFIER
- control field: NUST
005 - DATE AND TIME OF LATEST TRANSACTION
- control field: 20170719181517.0
008 - FIXED-LENGTH DATA ELEMENTS
- fixed length control field: 170719|| aca||aabn | a|a d
040 ## - CATALOGING SOURCE
- Original cataloging agency: NUST
- Transcribing agency: NUST
100 ## - HEADING--PERSONAL NAME
- Personal name: Hegedus, Steven.
670 ## - SOURCE DATA FOUND
- Source citation: Work cat.: (NUST)0: Handbook of photovoltaic science and engineering /, c2003.
